000 00665nam a2200205Ia 4500
003 GCL
008 140319s9999 xx 000 0 ara d
040 _aGCL /
_cGCL
082 0 4 _a810.9015
_bع خ
100 1 _aعاطف جودة نصر
245 1 0 _aالخيال: مفهوماتة ووظائفة /
_cعاطف جودة نصر
260 _a[S.N] :
_bالهيئة المصرية العامة للكتاب ،
_c1984
300 _a306 ص
490 _aدراسات ادبية
_v0
650 0 4 _aالادب العربى
650 0 4 _aالبلاغة العربية
650 0 4 _aالرمزية فى الادب
650 0 4 _aتاريخ ونقد
942 _2ddc
_cBK
999 _c30814
_d30814